[Event "TCh-RUS Premier 2023"]
[Site "Sochi RUS"]
[Date "2023.05.07"]
[Round "6.1"]
[Board "6"]
[White "Sychev, Klementy"]
[Black "Gaifullin, Artur"]
[Result "1/2-1/2"]
[WhiteTitle "GM"]
[BlackTitle "FM"]
[WhiteElo "2547"]
[BlackElo "2422"]
[WhiteTeam "Moskovskaya oblast (Moskovskaya oblast)"]
[BlackTeam "Ladya (Respublika Tatarstan)"]
[WhiteFideId "4114060"]
[BlackFideId "24168653"]
[EventDate "2023.05.01"]
[EventType "team"]

1. c4 Nf6 2. Nc3 e6 3. e4 d5 4. e5 d4 5. exf6 dxc3 6. bxc3 Qxf6 7. Nf3 h6 8. Bd3
Bd6 9. O-O O-O 10. Bc2 Rd8 11. d4 Nd7 12. c5 Bf8 13. Qe2 g6 14. Rb1 Bg7 15. Re1
c6 16. Ba4 e5 17. Be3 Qf5 18. Bc2 Qh5 19. Rbd1 Re8 20. Bf4 e4 21. Nd2 Qxe2 22.
Rxe2 f5 23. Nc4 Nf6 24. Nd6 Re7 25. c4 b6 26. Ba4 Bd7 27. d5 cxd5 28. Bxd7 Nh5
29. Bxh6 Rxd7 30. Bxg7 Nf4 31. Red2 Kxg7 32. cxd5 bxc5 33. Nc4 Nd3 34. d6 Rb8
35. f3 Rb4 36. Rc2 Kf6 37. fxe4 fxe4 38. Kf1 Ke6 39. Ke2 Kd5 40. Nb2 c4 41. Ke3
Rxd6 42. a3 Rxb2 43. Rxb2 c3 44. Rc2 Kc4 45. Rb1 a5 46. h4 Nc5 47. Rxc3+ Kxc3
48. Rc1+ Kb3 49. Rxc5 a4 50. Rb5+ 1/2-1/2

[Event "TCh-RUS Premier 2023"]
[Site "Sochi RUS"]
[Date "2023.05.07"]
[Round "6.2"]
[Board "1"]
[White "Najer, Evgeniy"]
[Black "Murzin, Volodar"]
[Result "1-0"]
[WhiteTitle "GM"]
[BlackTitle "GM"]
[WhiteElo "2655"]
[BlackElo "2577"]
[WhiteTeam "Shakhmatnaya sbornaya Moskvy (Moskva)"]
[BlackTeam "Sbornaya Novosibirskoy oblasti (Novosibir"]
[WhiteFideId "4118987"]
[BlackFideId "44155573"]
[EventDate "2023.05.01"]
[EventType "team"]

1. e4 e5 2. Nf3 Nc6 3. Bb5 a6 4. Ba4 Nf6 5. O-O Bc5 6. c3 b5 7. Bb3 d6 8. a4 Bg4
9. h3 Bh5 10. d3 Na5 11. Bc2 b4 12. Nbd2 O-O 13. Re1 Re8 14. g4 Bg6 15. Nf1 d5
16. Ng3 dxe4 17. dxe4 Qxd1 18. Rxd1 Nc4 19. cxb4 Bxb4 20. Bg5 a5 21. Bxf6 gxf6
22. b3 Nd6 23. Nd2 Red8 24. Ndf1 Bc3 25. Rac1 Bb2 26. Rb1 Bd4 27. Kg2 Rab8 28.
f4 exf4 29. Rxd4 fxg3 30. Nxg3 Nb7 31. Rxd8+ Nxd8 32. Kf3 Nc6 33. Ke3 Nb4 34.
Bd1 Nd5+ 35. Kd4 Rd8 36. Be2 Nf4+ 37. Ke3 Nd5+ 38. Kf3 Rb8 39. Bc4 Nb6 40. Bb5
Nc8 41. Rc1 Nd6 42. Rc5 c6 43. Bxc6 Rxb3+ 44. Kf4 Ra3 45. h4 h6 46. Bd5 Rxa4 47.
Rc6 Nb5 48. Rxf6 Kg7 49. Ke5 Nc3 50. Nf5+ Kf8 51. h5 Bxf5 52. Rxf7+ Ke8 53. Rxf5
Nxd5 54. Kxd5 Ke7 55. Re5+ Kf7 56. Re6 Rb4 57. Rxh6 Rb5+ 58. Kc4 Rb4+ 59. Kd5
Rb5+ 60. Kd4 1-0

[Event "TCh-RUS Premier 2023"]
[Site "Sochi RUS"]
[Date "2023.05.07"]
[Round "6.2"]
[Board "2"]
[White "Kobalia, Mikhail"]
[Black "Inarkiev, Ernesto"]
[Result "1-0"]
[WhiteTitle "GM"]
[BlackTitle "GM"]
[WhiteElo "2584"]
[BlackElo "2661"]
[WhiteTeam "Sbornaya Novosibirskoy oblasti (Novosibir"]
[BlackTeam "Shakhmatnaya sbornaya Moskvy (Moskva)"]
[WhiteFideId "4119150"]
[BlackFideId "4162722"]
[EventDate "2023.05.01"]
[EventType "team"]

1. e4 e5 2. Nf3 Nc6 3. Bb5 Nf6 4. O-O Nxe4 5. Re1 Nd6 6. Nxe5 Be7 7. Bf1 Nxe5 8.
Rxe5 O-O 9. d4 Bf6 10. Re1 Re8 11. Bf4 Rxe1 12. Qxe1 Ne8 13. Qc3 d5 14. Nd2 c6
15. Re1 g6 16. Nb3 Ng7 17. Be5 Ne6 18. Nc5 Bxe5 19. Rxe5 Qd6 20. Nxe6 Bxe6 21.
h4 Re8 22. g3 f6 23. Re3 Kf7 24. Qa5 a6 25. Bd3 Re7 26. Qd2 h5 27. Qe1 Qd7 28.
a4 Re8 29. a5 Kg7 30. c4 Bf7 31. Rxe8 Qxe8 32. Qxe8 Bxe8 33. cxd5 cxd5 34. Kg2
f5 35. Kf3 Kf6 36. Kf4 Bd7 37. Bc2 Be6 38. Ba4 Bc8 39. f3 Be6 40. Bb3 Bf7 41. g4
Bg8 42. Bc2 hxg4 43. fxg4 Be6 44. g5+ Ke7 45. Ke5 Bf7 46. Bb3 f4 47. Kxf4 Ke6
48. Ba4 Kd6 49. b3 Ke6 50. b4 Kd6 51. b5 axb5 52. Bxb5 Ke6 53. Bc6 1-0

[Event "TCh-RUS Premier 2023"]
[Site "Sochi RUS"]
[Date "2023.05.07"]
[Round "6.2"]
[Board "3"]
[White "Grachev, Boris"]
[Black "Bocharov, Dmitry"]
[Result "1/2-1/2"]
[WhiteTitle "GM"]
[BlackTitle "GM"]
[WhiteElo "2595"]
[BlackElo "2516"]
[WhiteTeam "Shakhmatnaya sbornaya Moskvy (Moskva)"]
[BlackTeam "Sbornaya Novosibirskoy oblasti (Novosibir"]
[WhiteFideId "4129199"]
[BlackFideId "4138716"]
[EventDate "2023.05.01"]
[EventType "team"]

1. d4 Nf6 2. c4 e6 3. Nf3 d5 4. Nc3 Be7 5. Bf4 dxc4 6. e4 a6 7. a4 Bb4 8. Bxc4
Nxe4 9. O-O Bxc3 10. bxc3 Nxc3 11. Qc2 Nd5 12. Bxd5 Qxd5 13. Qxc7 O-O 14. Bd6
Re8 15. Rfc1 Nd7 16. a5 f6 17. h3 h6 18. Ra3 b5 19. axb6 Bb7 20. Rac3 Red8 21.
Be7 Rdc8 22. Qg3 Rxc3 23. Rxc3 Rc8 24. Rc7 Rxc7 25. bxc7 Kf7 26. Ba3 g5 27. Qg4
Qf5 28. Qxf5 exf5 29. d5 Nb6 30. Nd4 Bxd5 31. Nxf5 Ke6 32. Nxh6 Bb7 33. Bb4 Nd5
34. Ba5 f5 35. g4 fxg4 36. hxg4 Kd7 37. Nf7 Nxc7 38. Nxg5 Nd5 39. f3 Ne3 40. Kf2
Nc4 41. Bc3 a5 42. f4 a4 43. Nf3 Nd6 44. Ke3 Be4 45. Nd4 a3 46. f5 a2 47. Kf4
Bd3 48. g5 Bc4 49. g6 Ke8 50. Ke5 Kd7 51. Ba1 Bd3 52. Kf4 Bc4 53. Nf3 Ke8 54.
Ne5 Bd5 55. Ng4 Bb3 56. Nh6 Bc4 57. f6 Bb3 58. Bc3 Kd7 59. Nf5 Nxf5 60. Kxf5 Ke8
61. Kf4 Bc4 62. Kg5 Kf8 63. Kh6 Kg8 64. Bd4 Bb3 65. Kg5 Kf8 66. Kf4 Ke8 67. Bc3
Bc4 68. Ke4 Bb3 69. Kd3 Be6 70. Ke4 1/2-1/2

[Event "TCh-RUS Premier 2023"]
[Site "Sochi RUS"]
[Date "2023.05.07"]
[Round "6.2"]
[Board "4"]
[White "Kezin, Roman"]
[Black "Popov, Ivan RUS"]
[Result "1/2-1/2"]
[WhiteTitle "IM"]
[BlackTitle "GM"]
[WhiteElo "2514"]
[BlackElo "2627"]
[WhiteTeam "Sbornaya Novosibirskoy oblasti (Novosibir"]
[BlackTeam "Shakhmatnaya sbornaya Moskvy (Moskva)"]
[WhiteFideId "24124621"]
[BlackFideId "4170350"]
[EventDate "2023.05.01"]
[EventType "team"]

1. d4 d5 2. c4 dxc4 3. e3 Nf6 4. Bxc4 e6 5. Nf3 c5 6. O-O Nc6 7. Qe2 a6 8. Rd1
b5 9. dxc5 Qc7 10. Bd3 Bxc5 11. a4 bxa4 12. Rxa4 O-O 13. Bd2 Be7 14. Bc3 h6 15.
Bxa6 Qb6 16. Bb5 Rxa4 17. Bxa4 Ba6 18. Qe1 Nd5 1/2-1/2

[Event "TCh-RUS Premier 2023"]
[Site "Sochi RUS"]
[Date "2023.05.07"]
[Round "6.2"]
[Board "5"]
[White "Ponkratov, Pavel"]
[Black "Khubukshanov, Erdem"]
[Result "1-0"]
[WhiteTitle "GM"]
[BlackTitle "IM"]
[WhiteElo "2580"]
[BlackElo "2388"]
[WhiteTeam "Shakhmatnaya sbornaya Moskvy (Moskva)"]
[BlackTeam "Sbornaya Novosibirskoy oblasti (Novosibir"]
[WhiteFideId "4157800"]
[BlackFideId "54114527"]
[EventDate "2023.05.01"]
[EventType "team"]

1. Nf3 d5 2. c4 d4 3. b4 f6 4. e3 e5 5. b5 Nh6 6. exd4 exd4 7. Bd3 Bc5 8. O-O
O-O 9. Qc2 Kh8 10. Be2 Re8 11. d3 Nf7 12. Re1 Bf8 13. Nbd2 c5 14. bxc6 Nxc6 15.
Bb2 Bb4 16. a3 Ba5 17. Bf1 Nfe5 18. Nxe5 fxe5 19. Be2 e4 20. dxe4 Ne5 21. Qc1
Bg4 22. f3 d3 23. Bxe5 Rxe5 24. fxg4 Qd4+ 25. Kh1 Qe3 26. Bxd3 Qxd3 27. Rd1 Qe2
28. h3 Qf2 29. Rb1 Re7 30. Nf3 h6 31. Rb5 b6 32. g5 hxg5 33. Qxg5 Rae8 34. Qh5+
Kg8 35. Ng5 1-0

[Event "TCh-RUS Premier 2023"]
[Site "Sochi RUS"]
[Date "2023.05.07"]
[Round "6.2"]
[Board "6"]
[White "Obgolts, Erik"]
[Black "Demidov, Mikhail"]
[Result "0-1"]
[WhiteTitle "FM"]
[BlackTitle "GM"]
[WhiteElo "2455"]
[BlackElo "2583"]
[WhiteTeam "Sbornaya Novosibirskoy oblasti (Novosibir"]
[BlackTeam "Shakhmatnaya sbornaya Moskvy (Moskva)"]
[WhiteFideId "24199044"]
[BlackFideId "4197143"]
[EventDate "2023.05.01"]
[EventType "team"]

1. Nf3 Nf6 2. d4 c5 3. d5 b5 4. Bg5 b4 5. Bxf6 exf6 6. e4 g6 7. Nbd2 Bg7 8. Nc4
d6 9. Bd3 O-O 10. O-O Bg4 11. a3 a5 12. a4 Nd7 13. h3 Bxf3 14. Qxf3 Ne5 15. Nxe5
fxe5 16. c3 Bh6 17. g3 Qc8 18. h4 c4 19. Be2 Rb8 20. Kg2 f5 21. h5 Qc5 22. hxg6
hxg6 23. Rad1 Kg7 24. exf5 Rxf5 25. Qe4 bxc3 26. bxc3 Rb2 27. Qxc4 Qxc4 28. Bxc4
Be3 29. Bd3 Rfxf2+ 30. Kh3 Rb3 31. Rxf2 Bxf2 32. Rc1 Ra3 33. Bb5 Be3 34. Rc2 e4
35. Kg4 Kf6 36. Be8 Ke5 37. Bxg6 Rxa4 38. Rh2 Rc4 39. Rh7 Rxc3 40. Re7+ Kxd5 41.
Bxe4+ Kd4 42. Bf3 d5 43. Rd7 Rc5 44. Kf5 Kc4 45. Ke5 d4+ 46. Ke4 Rc8 47. Be2+
Kc3 48. Bb5 Re8+ 49. Kf3 Re5 50. Bc6 d3 51. Be4 Bd4 52. Rc7+ Rc5 53. Rxc5+ Bxc5
54. Bc6 Kb4 55. Be4 Kc3 56. Bc6 Kb3 57. Be4 d2 58. Ke2 Be3 59. Kd1 a4 60. Bc2+
Kb4 61. Bb1 Kc3 0-1

[Event "TCh-RUS Premier 2023"]
[Site "Sochi RUS"]
[Date "2023.05.07"]
[Round "6.3"]
[Board "3"]
[White "Malakhov, Vladimir"]
[Black "Aleksandrov, Aleksej"]
[Result "1-0"]
[WhiteTitle "GM"]
[BlackTitle "GM"]
[WhiteElo "2650"]
[BlackElo "2484"]
[WhiteTeam "SK KPRF (Moskva)"]
[BlackTeam "Belarus (Respublika Belarus)"]
[WhiteFideId "4120787"]
[BlackFideId "13500139"]
[EventDate "2023.05.01"]
[EventType "team"]

1. Nf3 Nf6 2. g3 b5 3. Na3 b4 4. Nc4 Bb7 5. Bg2 e6 6. O-O Be7 7. d3 a5 8. e4 O-O
9. a3 d5 10. exd5 Nxd5 11. axb4 axb4 12. Na5 Ba6 13. Ne5 Bf6 14. Re1 c5 15. Ng4
Be7 16. Ne3 Nxe3 17. Bxe3 Ra7 18. Nb3 Rc7 19. Ra5 c4 20. Nc5 Rxc5 21. Rxc5 cxd3
22. cxd3 Bxc5 23. Bxc5 Re8 24. d4 Bb5 25. Bxb4 Nc6 26. Bc5 h6 27. h3 Qd7 28. d5
exd5 29. Rxe8+ Qxe8 30. Qxd5 Qc8 31. Be3 Qb8 32. Bf4 Qb6 33. Be4 Nd8 34. Be3 Qb8
35. Ba7 1-0

[Event "TCh-RUS Premier 2023"]
[Site "Sochi RUS"]
[Date "2023.05.07"]
[Round "6.3"]
[Board "4"]
[White "Zarubitski, Viachaslau"]
[Black "Zvjaginsev, Vadim"]
[Result "1-0"]
[WhiteTitle "IM"]
[BlackTitle "GM"]
[WhiteElo "2423"]
[BlackElo "2598"]
[WhiteTeam "Belarus (Respublika Belarus)"]
[BlackTeam "SK KPRF (Moskva)"]
[WhiteFideId "13509373"]
[BlackFideId "4113403"]
[EventDate "2023.05.01"]
[EventType "team"]

1. e4 g6 2. d4 Bg7 3. Nc3 d6 4. Nge2 Nc6 5. Be3 Nf6 6. h3 e5 7. d5 Ne7 8. Qd2
O-O 9. g4 b5 10. g5 Nh5 11. Nxb5 a6 12. Na3 Bd7 13. O-O-O Nc8 14. Rg1 f5 15. f3
Nb6 16. c4 Rf7 17. h4 Bf8 18. Nc3 Na4 19. Nxa4 Bxa4 20. b3 Bd7 21. c5 dxc5 22.
d6 cxd6 23. Bc4 Be8 24. Bxc5 fxe4 25. fxe4 Rc8 26. Bxd6 Bb5 27. Kb1 Bxc4 28.
Nxc4 Bg7 29. Nxe5 Bxe5 30. Bxe5 Qxd2 31. Rxd2 Re7 32. Rd5 Rce8 33. Bb2 Rxe4 34.
Rd6 Ra8 35. Rd4 Rae8 36. Rgd1 Ng3 37. Rxe4 Rxe4 38. Rd8+ Kf7 39. Rd7+ Re7 40.
Rd6 Re6 41. Rd7+ Re7 42. Rxe7+ Kxe7 43. Bd4 Nf5 44. Bf2 h6 45. Kc2 hxg5 46. hxg5
Kd6 47. Kc3 Kd5 48. Kb4 Kc6 49. Ka5 Kb7 50. Kb4 Kc6 51. Kc4 Ng7 52. Bd4 Ne6 53.
Be3 Kd6 54. Bd2 Kc6 55. Be3 Kd6 56. a3 Kc6 57. Bd2 Kd6 58. Be3 Kc6 59. b4 Kd6
60. Bd2 Kc6 61. Be3 Kd6 62. a4 Kc6 63. Bd2 Kd6 64. Be3 Kc6 65. Bd2 Kd6 66. b5
axb5+ 67. axb5 Kd7 68. Kd5 Nc7+ 69. Kc5 Ne6+ 70. Kb6 Kc8 71. Be3 Nd8 72. Bc5 Kd7
73. Bd4 Nf7 74. Bf6 Nd6 75. Kc5 Ne4+ 76. Kd5 Nd6 77. b6 Nf7 78. Be7 Kc8 79. Ke4 1-0

[Event "TCh-RUS Premier 2023"]
[Site "Sochi RUS"]
[Date "2023.05.07"]
[Round "6.3"]
[Board "5"]
[White "Dreev, Aleksey"]
[Black "Tsaruk, Maksim"]
[Result "1/2-1/2"]
[WhiteTitle "GM"]
[BlackTitle "FM"]
[WhiteElo "2606"]
[BlackElo "2371"]
[WhiteTeam "SK KPRF (Moskva)"]
[BlackTeam "Belarus (Respublika Belarus)"]
[WhiteFideId "4100107"]
[BlackFideId "13511173"]
[EventDate "2023.05.01"]
[EventType "team"]

1. d4 Nf6 2. c4 e6 3. Nc3 Bb4 4. Qc2 c5 5. dxc5 O-O 6. a3 Bxc5 7. Nf3 b6 8. Bf4
Bb7 9. Rd1 Nc6 10. e3 Nh5 11. Bg3 h6 12. Qd2 Nxg3 13. hxg3 Be7 14. Qxd7 Qc8 15.
Be2 Bf6 16. O-O Na5 17. Qd3 Rd8 18. Qc2 Nxc4 19. Rxd8+ Bxd8 20. Nb5 Nd6 21. Qxc8
Nxc8 22. Rc1 a6 23. Nc7 1/2-1/2

[Event "TCh-RUS Premier 2023"]
[Site "Sochi RUS"]
[Date "2023.05.07"]
[Round "6.3"]
[Board "6"]
[White "Stribuk, Artiom"]
[Black "Afanasiev, Nikita"]
[Result "1/2-1/2"]
[WhiteTitle "FM"]
[BlackTitle "GM"]
[WhiteElo "2376"]
[BlackElo "2530"]
[WhiteTeam "Belarus (Respublika Belarus)"]
[BlackTeam "SK KPRF (Moskva)"]
[WhiteFideId "13515659"]
[BlackFideId "24183555"]
[EventDate "2023.05.01"]
[EventType "team"]

1. d4 d5 2. c4 dxc4 3. e4 Nf6 4. e5 Nd5 5. Bxc4 Bf5 6. Nc3 Nb6 7. e6 Nxc4 8.
Qa4+ Nc6 9. exf7+ Kxf7 10. Qxc4+ e6 11. Nf3 Bb4 12. O-O Bxc3 13. Qxc3 Re8 14.
Bf4 Kg8 15. Rfe1 Qd5 16. Qe3 Rad8 17. Bxc7 Rd7 18. Bg3 Nxd4 19. Nxd4 Qxd4 20.
Qb3 Qd5 21. Qa3 a6 22. Be5 Be4 23. Qg3 Qd3 24. f3 Bd5 25. Bc3 Qg6 26. Re5 Qxg3
27. hxg3 Bc4 28. Kf2 Rd5 29. Re4 Bd3 30. Rg4 Re7 31. Re1 b5 32. Bb4 Re8 33. Bc3
Re7 34. Rd4 Rxd4 35. Bxd4 Kf7 36. Be5 Rd7 37. Rc1 b4 38. g4 Bb5 39. Ke3 Rd5 40.
Rc7+ Rd7 41. Rc8 Bf1 42. g3 Bd3 43. Rb8 Bb5 44. Rb6 Rd5 45. Bd6 Rd3+ 46. Kf4 h6
47. Be5 Rd5 48. Rb7+ Rd7 49. Rxd7+ 1/2-1/2

[Event "TCh-RUS Premier 2023"]
[Site "Sochi RUS"]
[Date "2023.05.07"]
[Round "6.4"]
[Board "1"]
[White "Lobanov, Sergei"]
[Black "Zakhartsov, Vladimir"]
[Result "1-0"]
[WhiteTitle "GM"]
[BlackTitle "GM"]
[WhiteElo "2536"]
[BlackElo "2547"]
[WhiteTeam "SShOR po shakhmatam i shashkam (Sankt-Peterbu"]
[BlackTeam "Shkola im. M.M. Botvinnika  (Moskva)"]
[WhiteFideId "24183750"]
[BlackFideId "4145097"]
[EventDate "2023.05.01"]
[EventType "team"]

1. d4 d5 2. c4 e6 3. Nc3 Nf6 4. cxd5 Nxd5 5. e4 Nxc3 6. bxc3 c5 7. Rb1 Be7 8.
Nf3 O-O 9. Be2 b6 10. O-O Bb7 11. Qd3 Qc7 12. Qe3 Nd7 13. Bb2 a6 14. a4 Nf6 15.
Bd3 Qc6 16. Ba1 Nd7 17. d5 Qc7 18. c4 Rae8 19. a5 bxa5 20. Rfe1 Rb8 21. Bc2 e5
22. Ba4 f6 23. Bc3 Ba8 24. Ra1 Nb6 25. Bxa5 Qd6 26. Bb3 Nd7 27. Ba4 Nb6 28. Bb3
Nd7 29. Bc2 Rfc8 30. Ra3 Rb4 31. Nh4 g6 32. Qh3 Rxc4 33. Rg3 Bf8 34. Bb3 Bxd5
35. Rd3 Rd4 36. Bxd5+ Kg7 37. Nf5+ 1-0

[Event "TCh-RUS Premier 2023"]
[Site "Sochi RUS"]
[Date "2023.05.07"]
[Round "6.4"]
[Board "2"]
[White "Rychagov, Andrey"]
[Black "Shubin, Kirill"]
[Result "1/2-1/2"]
[WhiteTitle "GM"]
[BlackTitle "IM"]
[WhiteElo "2547"]
[BlackElo "2447"]
[WhiteTeam "Shkola im. M.M. Botvinnika  (Moskva)"]
[BlackTeam "SShOR po shakhmatam i shashkam (Sankt-Peterbu"]
[WhiteFideId "4119932"]
[BlackFideId "34119962"]
[EventDate "2023.05.01"]
[EventType "team"]

1. d4 e6 2. c4 Nf6 3. Nf3 Bb4+ 4. Bd2 Bxd2+ 5. Qxd2 O-O 6. Nc3 d5 7. e3 b6 8.
Be2 dxc4 9. Bxc4 Bb7 10. Qe2 Nbd7 11. O-O c5 12. Rfd1 Qe7 13. Ba6 Bxa6 14. Qxa6
cxd4 15. exd4 Rfd8 16. Rac1 h6 17. h3 Nb8 18. Qa4 a6 19. Qb3 Qe8 1/2-1/2

[Event "TCh-RUS Premier 2023"]
[Site "Sochi RUS"]
[Date "2023.05.07"]
[Round "6.4"]
[Board "3"]
[White "Zubritskiy, Artyom"]
[Black "Sviridov, Valery"]
[Result "1/2-1/2"]
[WhiteTitle "IM"]
[WhiteElo "2438"]
[BlackElo "2545"]
[WhiteTeam "SShOR po shakhmatam i shashkam (Sankt-Peterbu"]
[BlackTeam "Shkola im. M.M. Botvinnika  (Moskva)"]
[WhiteFideId "4181247"]
[BlackFideId "4120680"]
[EventDate "2023.05.01"]
[EventType "team"]

1. d4 Nf6 2. c4 e5 3. dxe5 Ng4 4. Nf3 Bc5 5. e3 Nc6 6. Nc3 Ngxe5 7. Nxe5 Nxe5 8.
f4 Nc6 9. Bd3 d6 10. O-O O-O 11. Kh1 f5 12. a3 a5 13. Bd2 Be6 14. Qc2 Qd7 15.
Rad1 Kh8 16. Rf3 Qf7 17. Nd5 b5 18. Rg3 bxc4 19. Bxc4 Bxd5 20. Bxd5 Qxd5 21. Bc3
Qf7 22. Bxg7+ Qxg7 23. Rxg7 Kxg7 24. g4 fxg4 25. Qe4 Na7 26. Qe7+ Rf7 27. Qe6
Rf6 28. Qe7+ Rf7 29. Qe6 Rf6 30. Qe7+ 1/2-1/2

[Event "TCh-RUS Premier 2023"]
[Site "Sochi RUS"]
[Date "2023.05.07"]
[Round "6.4"]
[Board "4"]
[White "Uskov, Artem"]
[Black "Vlasenko, Miroslav"]
[Result "0-1"]
[WhiteTitle "IM"]
[BlackTitle "IM"]
[WhiteElo "2367"]
[BlackElo "2358"]
[WhiteTeam "Shkola im. M.M. Botvinnika  (Moskva)"]
[BlackTeam "SShOR po shakhmatam i shashkam (Sankt-Peterbu"]
[WhiteFideId "34254854"]
[BlackFideId "4151887"]
[EventDate "2023.05.01"]
[EventType "team"]

1. e4 c5 2. Nf3 Nc6 3. Bb5 g6 4. O-O Bg7 5. Re1 e5 6. Bxc6 bxc6 7. c3 Ne7 8. d3
d6 9. Na3 O-O 10. Nc2 f5 11. h3 Kh8 12. b3 a5 13. Rb1 Ng8 14. Nd2 Be6 15. Bb2
fxe4 16. Nxe4 Nf6 17. Ng3 Qd7 18. d4 exd4 19. cxd4 c4 20. Ne3 cxb3 21. axb3 Nd5
22. Nxd5 Bxd5 23. Bc3 Rf4 24. Qd2 Raf8 25. Re2 Qa7 26. Ra1 Qb7 27. Ra3 h5 28.
Qb2 Qf7 29. Rxa5 Bxb3 30. Rd2 Bd5 31. Nf1 Bh6 32. Ra1 Rf3 33. Re2 Rxh3 34. Ne3
Bxe3 35. fxe3 Rh4 36. e4 Qf4 37. g3 Qxg3+ 38. Rg2 Qe3+ 39. Qf2 Rxf2 40. Rxf2
Rg4+ 0-1

[Event "TCh-RUS Premier 2023"]
[Site "Sochi RUS"]
[Date "2023.05.07"]
[Round "6.4"]
[Board "5"]
[White "Pershin, Denis"]
[Black "Zverev, Lev"]
[Result "0-1"]
[WhiteTitle "IM"]
[BlackTitle "FM"]
[WhiteElo "2366"]
[BlackElo "2301"]
[WhiteTeam "SShOR po shakhmatam i shashkam (Sankt-Peterbu"]
[BlackTeam "Shkola im. M.M. Botvinnika  (Moskva)"]
[WhiteFideId "24165506"]
[BlackFideId "24250775"]
[EventDate "2023.05.01"]
[EventType "team"]

1. d4 Nf6 2. c4 e6 3. Nf3 d5 4. g3 Bb4+ 5. Bd2 a5 6. Qc2 O-O 7. Bg2 c6 8. O-O
Be7 9. Bf4 Nbd7 10. Nbd2 Nh5 11. Be3 b6 12. g4 Nhf6 13. h3 Ba6 14. Bf4 Rc8 15.
Rfc1 c5 16. dxc5 Bxc5 17. Qb3 dxc4 18. Nxc4 Nd5 19. Bg3 Qe7 20. Ne1 Bb4 21. Ne3
Rxc1 22. Rxc1 Nc5 23. Nxd5 exd5 24. Qc2 Ne4 25. Bxe4 dxe4 26. Ng2 Bc5 27. Ne3 h5
28. Nf5 Qe6 29. Qd2 e3 30. Nxe3 Bb7 31. Rxc5 bxc5 32. gxh5 Qxh3 33. Bh2 Qxh5 34.
Qxa5 Qxe2 35. Bd6 Re8 36. Bxc5 Qxb2 37. Bb4 Qb1+ 38. Kh2 Qh1+ 39. Kg3 Qf3+ 0-1

[Event "TCh-RUS Premier 2023"]
[Site "Sochi RUS"]
[Date "2023.05.07"]
[Round "6.4"]
[Board "6"]
[White "Averin, Nikolay"]
[Black "Timerkhanov, Alexander"]
[Result "1/2-1/2"]
[WhiteTitle "FM"]
[BlackTitle "FM"]
[WhiteElo "2293"]
[BlackElo "2352"]
[WhiteTeam "Shkola im. M.M. Botvinnika  (Moskva)"]
[BlackTeam "SShOR po shakhmatam i shashkam (Sankt-Peterbu"]
[WhiteFideId "24250473"]
[BlackFideId "24177938"]
[EventDate "2023.05.01"]
[EventType "team"]

1. e4 c5 2. Nf3 d6 3. d4 cxd4 4. Nxd4 Nf6 5. Nc3 Bd7 6. f3 e5 7. Nb3 Be7 8. Be3
O-O 9. Qd2 a5 10. a4 Na6 11. Bxa6 Rxa6 12. O-O Be6 13. Rfd1 h6 14. Qf2 Nd7 15.
Nd5 f5 16. exf5 Rxf5 17. c4 Bf8 18. Qe2 Rf7 19. Nd2 Nf6 20. Nxf6+ gxf6 21. Ne4
Rc6 22. b3 f5 23. Nc3 f4 24. Bf2 Qg5 25. Kh1 Rg7 26. Bg1 Kh8 27. Rd2 Bf5 28.
Rad1 Be7 29. Nd5 Kh7 30. Qf1 Rc8 31. Nxe7 Qxe7 32. Bf2 Rg6 33. Re1 Rcg8 34. Bg1
e4 35. fxe4 Bxe4 36. Rde2 Re6 37. Bd4 Re8 38. Qxf4 Rf8 39. Qd2 Rg8 40. Rf1 Reg6
41. Rff2 Rg4 42. Qd1 Rf8 43. Qf1 Rxf2 44. Rxf2 Kg8 45. Bc3 h5 46. Qd1 Qg5 47.
Qd2 h4 48. Qxg5+ Rxg5 49. Kg1 h3 50. g3 Rf5 51. Rxf5 Bxf5 52. Bxa5 Bc2 53. b4
Bxa4 54. Kf2 Bb3 55. c5 dxc5 56. bxc5 Bd5 57. g4 Kf7 58. Kg3 Bg2 59. Kf4 Kg6 60.
Bc3 Bf1 1/2-1/2

[Event "TCh-RUS Premier 2023"]
[Site "Sochi RUS"]
[Date "2023.05.07"]
[Round "6.5"]
[Board "1"]
[White "Chekhov, Sergei"]
[Black "Paravyan, David"]
[Result "0-1"]
[WhiteTitle "IM"]
[BlackTitle "GM"]
[WhiteElo "2453"]
[BlackElo "2601"]
[WhiteTeam "Inleksis (Voronezhskaya oblast)"]
[BlackTeam "Russkaya shakhmatnaya shkola (Moskva)"]
[WhiteFideId "4195639"]
[BlackFideId "4194985"]
[EventDate "2023.05.01"]
[EventType "team"]

1. e4 e5 2. Nf3 Nf6 3. Nxe5 d6 4. Nf3 Nxe4 5. d3 Nf6 6. d4 d5 7. Bd3 c5 8. O-O
c4 9. Be2 Bd6 10. b3 cxb3 11. axb3 O-O 12. Ba3 Nc6 13. Bxd6 Qxd6 14. c3 Bf5 15.
Nbd2 Rac8 16. Ra2 a5 17. Qa1 b6 18. Rc1 Ne7 19. Ne5 Ne4 20. Bf3 Ng5 21. Be2 Ng6
22. Nxg6 Qxg6 23. Nf3 Nh3+ 24. Kf1 Nf4 25. Ne1 Rfe8 26. Bf3 Bg4 27. Bxg4 Qxg4
28. f3 Qh4 29. h3 Re3 30. Qb2 Rce8 31. Qf2 Qg5 32. h4 Qf6 33. b4 Qc6 34. c4 axb4 0-1

[Event "TCh-RUS Premier 2023"]
[Site "Sochi RUS"]
[Date "2023.05.07"]
[Round "6.5"]
[Board "2"]
[White "Kukhmazov, Arsen"]
[Black "Rodin, Dmitrij"]
[Result "1/2-1/2"]
[WhiteTitle "IM"]
[BlackTitle "IM"]
[WhiteElo "2506"]
[BlackElo "2325"]
[WhiteTeam "Russkaya shakhmatnaya shkola (Moskva)"]
[BlackTeam "Inleksis (Voronezhskaya oblast)"]
[WhiteFideId "24108260"]
[BlackFideId "4127412"]
[EventDate "2023.05.01"]
[EventType "team"]

1. Nf3 Nf6 2. c4 e6 3. g3 b6 4. Bg2 Bb7 5. d4 Bb4+ 6. Bd2 a5 7. O-O O-O 8. Bf4
Be7 9. Nc3 Ne4 10. Nb5 Na6 11. Qc2 d6 12. Rfd1 Rb8 13. a3 f5 14. Ne1 Bg5 15. Nd3
Qe7 16. Rab1 Bxf4 17. Nxf4 c6 18. Nc3 Nxc3 19. bxc3 e5 20. Nd3 e4 1/2-1/2